000 00476nam a2200181Ia 4500
005 20250508153241.0
008 008 250505s9999 xx 000 0 eng d
037 _aTextual
040 _aFEDL
_beng
_cFEDL
041 _aeng
_2eng
084 _a374, CLE
_qFEDL
100 _aCleugh M F
245 0 _aEducating older people
260 _aLondon, UK
_bTavistock Publications
_c1959
300 _a185p.
942 _cTEXL
_h374, CLE
999 _c1341514
_d1341514